Statistics for Countries Bordering Unknown Country #9

Click here to take the quiz!

General Stats

  • This quiz has been taken 551 times
  • The average score is 7 of 7

Answer Stats

Bordering Country% Correct
BBangladesh
99%
India
99%
NNepal
99%
PPakistan
99%
BBhutan
98%
CChina
98%
MMyanmar
97%

Score Distribution

Percentile by Number Answered

Percent of People with Each Score

Your Score History

You have not taken this quiz